000 00523nam a2200181Ia 4500
008 240925s9999 xx 000 0 und d
020 _a9788131521922
082 _a658.404 BIB
100 _aBible, Michaael J.
245 0 _aMastering Project Portfolio Management: a systems approach to achieving strategic objectives
250 _a1st
260 _aAustralia:
_bCENGAGE Learning
_c,2011.
300 _a261p.
_bNA
_fOriginal
500 _aIncludes Index
600 _aManagement
650 _aManagement
942 _cBK
999 _c13137
_d13137